The Cambridge shorter history of India / (Record no. 22730)
[ view plain ]
| 000 -LEADER | |
|---|---|
| fixed length control field | 00938nam a22002531 4500 |
| 001 - CONTROL NUMBER | |
| control field | 10343225 |
| 003 - CONTROL NUMBER IDENTIFIER | |
| control field | BDDh-ASL |
| 005 - DATE AND TIME OF LATEST TRANSACTION | |
| control field | 20231015030144.0 |
| 008 - FIXED-LENGTH DATA ELEMENTS--GENERAL INFORMATION | |
| fixed length control field | 740703s19691964ii b b 000 0 eng |
| 010 ## - LIBRARY OF CONGRESS CONTROL NUMBER | |
| LC control number | sa 66005822 |
| 035 ## - SYSTEM CONTROL NUMBER | |
| System control number | (OCoLC)936317 |
| 040 ## - CATALOGING SOURCE | |
| Original cataloging agency | DLC |
| Transcribing agency | OTU |
| Modifying agency | OCoLC |
| -- | DLC |
| -- | BDDh-ASL |
| 050 00 - LIBRARY OF CONGRESS CALL NUMBER | |
| Classification number | DS436 |
| Item number | .A36 1964 |
| 082 ## - DEWEY DECIMAL CLASSIFICATION NUMBER | |
| Classification number | 954 |
| Item number | ALC |
| 100 1# - MAIN ENTRY--PERSONAL NAME | |
| Personal name | Allan, John, |
| Dates associated with a name | 1884-1955. |
| 245 14 - TITLE STATEMENT | |
| Title | The Cambridge shorter history of India / |
| Statement of responsibility, etc. | by J. Allan, Sir T. Wolseley Haig [and] H.H. Dodwell. Edited by H.H. Dodwell. With additional chapters on The last phase, 1919-1947 by R.R. Sethi. |
| 260 ## - PUBLICATION, DISTRIBUTION, ETC. | |
| Place of publication, distribution, etc. | Delhi : |
| Name of publisher, distributor, etc. | S. Chand, |
| Date of publication, distribution, etc. | 1964. |
| -- | 1969. |
| 300 ## - PHYSICAL DESCRIPTION | |
| Extent | 772 p., xxviii, 1164 p. : |
| Dimensions | 23 cm., 20 cm. |
| 651 #0 - SUBJECT ADDED ENTRY--GEOGRAPHIC NAME | |
| Geographic name | India |
| General subdivision | History. |
| 700 1# - ADDED ENTRY--PERSONAL NAME | |
| Personal name | Haig, Wolseley, |
| Titles and other words associated with a name | Sir, |
| Dates associated with a name | 1865-1938, |
| Relator term | joint author. |
| 700 1# - ADDED ENTRY--PERSONAL NAME | |
| Personal name | Dodwell, Henry, |
| Dates associated with a name | 1879-1946, |
| Relator term | joint author. |
| 906 ## - LOCAL DATA ELEMENT F, LDF (RLIN) | |
| a | 0 |
| b | cbc |
| c | premunv |
| d | u |
| e | ncip |
| f | 19 |
| g | y-gencatlg |
| 942 ## - ADDED ENTRY ELEMENTS (KOHA) | |
| Source of classification or shelving scheme | Dewey Decimal Classification |
| Koha item type | Books |
| Withdrawn status | Lost status | Source of classification or shelving scheme | Damaged status | Not for loan | Collection code | Home library | Current library | Shelving location | Date acquired | Source of acquisition | Total Checkouts | Full call number | Barcode | Date last seen | Copy number | Price effective from | Koha item type | Public note |
|---|---|---|---|---|---|---|---|---|---|---|---|---|---|---|---|---|---|---|
| Dewey Decimal Classification | Damaged | Not For Loan | Non-fiction | Asiatic Society Library | Asiatic Society Library | General Stacks | 03/04/2021 | ASB Library Collections | 954 ALC | 107028 | 03/04/2021 | C-1 | 03/04/2021 | Books | RARE | |||
| Dewey Decimal Classification | Not For Loan | Non-fiction | Asiatic Society Library | Asiatic Society Library | General Stacks | 03/04/2021 | ASB Library Collections | 954 ALC | 107030 | 03/04/2021 | C-2 | 03/04/2021 | Books | RARE |